| 000 | 01199nam0a2200301 4500 | ||
|---|---|---|---|
| 001 | RU\NLR\bibl\1913073 | ||
| 005 | 20260406084938.0 | ||
| 010 |
_a978-5-17-066097-1 _bАСТ |
||
| 010 |
_a978-5-271-27389-6 _bАстрель _97000 |
||
| 021 |
_aRU _b2012-39879 _92946 |
||
| 035 | _a(NLR Aleph) 001902600 | ||
| 090 |
_a3068191 _c3068191 |
||
| 100 | _a20120608d2012 |||y0rusy50 ca | ||
| 101 | 1 |
_arus _cpol |
|
| 102 | _aRU | ||
| 105 | _aa ||||||||| | ||
| 200 | 1 |
_aИнтимная теория относительности _dIntymna teoria względności _e[перевод с польского ] _fЯнуш Л. Вишневский _zpol |
|
| 210 |
_aМосква _cАСТ _cАстрель _d2012 |
||
| 215 |
_a220, [3] с. _cил. _d17 |
||
| 300 | _aАвт. также на англ. яз.: Janusz L. Wiśniewski | ||
| 510 | 1 |
_6z45790 _aIntymna teoria względności _zpol |
|
| 700 | 1 |
_4070 _7ca _8rus _aВишневский _bЯ. Л. _f1954- _gЯнуш Леон _3RU\NLR\auth\7753718 _936650 |
|
| 790 | 1 |
_4070 _8pol _7ba _aWiśniewski _bJ. L. _f1954- _gJanusz Leon _3RU\NLR\auth\7777591 _960519 |
|
| 801 | 0 |
_aRU _bNLR _c20120608 _gRCR |
|
| 801 | 1 |
_aRU _bNLR _c20120608 |
|
| 942 | _cBOOK | ||
| 980 | _aNB | ||